[Event "?"]
[Site "?"]
[Date "2017.09.10"]
[Round "3.89"]
[White "Gottschalk, Jürgen"]
[Black "Graffenberger, Marianne"]
[Result "1-0"]
[BlackElo "1382"]
[BlackTeam "Hamburger SK"]
[EventDate "2017.??.??"]
[PlyCount "101"]
[WhiteElo "1639"]
[WhiteTeam "SV Parchim"]

1. e4 e5 2. Nf3 Nc6 3. Bb5 d6 4. Bxc6+ bxc6 5. h3 Nf6 6. Nc3 Bb7 7. d4 exd4 8.
Nxd4 c5 9. Nf5 Nxe4 10. Qe2 Qd7 11. Ng3 Qe7 12. Ngxe4 Bxe4 13. Nxe4 d5 14. Ng3
c4 15. O-O Qxe2 16. Nxe2 Bd6 17. Nd4 O-O 18. Be3 Rab8 19. b3 c5 20. Nf5 Be5 21.
Rad1 d4 22. Bc1 c3 23. Ne7+ Kh8 24. Nc6 Rbe8 25. a4 a6 26. Rfe1 f6 27. f4 Bd6
28. Na5 Bc7 29. Nc4 Rd8 30. Rd3 h6 31. f5 Rfe8 32. Rxe8+ Rxe8 33. Kf1 Kg8 34.
g3 Kf7 35. Bf4 Re7 36. Bxc7 Rxc7 37. Kf2 Rd7 38. a5 Rd5 39. g4 Rd8 40. Nb6 Rd6
41. Na4 Ke7 42. Nxc5 Rd5 43. b4 Rd6 44. Nb3 Rd5 45. Nxd4 Kd6 46. b5 axb5 47.
Nxb5+ Kc6 48. Rxd5 Kxd5 49. a6 Kc6 50. a7 Kb7 51. Ke3  1-0

[Event "?"]
[Site "?"]
[Date "2017.09.10"]
[Round "3.90"]
[White "Bierwald, Martin"]
[Black "Boß, Kurt"]
[Result "1-0"]
[BlackElo "1222"]
[BlackTeam "Flensburger SK"]
[EventDate "2017.??.??"]
[PlyCount "93"]
[WhiteElo "1637"]
[WhiteTeam "Königsspr. SC"]

1. e4 c6 2. d4 d5 3. Nc3 Nf6 4. e5 Ne4 5. Nxe4 dxe4 6. c3 e6 7. Ne2 g6 8. g3 Nd7
9. Bg2 f5 10. exf6 Nxf6 11. Bg5 Be7 12. Qc2 Qd5 13. Bxf6 Bxf6 14. Qxe4 Qxe4 15.
Bxe4 g5 16. O-O-O O-O 17. f4 b6 18. Rhf1 Ba6 19. Bd3 b5 20. Kb1 g4 21. Rde1 Kg7
22. Nc1 Rae8 23. Nb3 Bc8 24. Be4 Bb7 25. Nc5 Ba8 26. Bd3 Kf7 27. Re3 Rh8 28.
Rfe1 Re7 29. Rxe6 Rhe8 30. Rxe7+ Bxe7 31. Kc2 Bxc5 32. Rxe8 Kxe8 33. dxc5 h6
34. Bf5 Kf7 35. Bxg4 Kg6 36. Kd3 h5 37. Bd7 Kf6 38. Ke4 Ke7 39. Bc8 Kd8 40. Be6
Ke7 41. Ke5 Bb7 42. b4 Kd8 43. f5 Bc8 44. Bxc8 Kxc8 45. Ke6 Kd8 46. Kf7 Kd7 47.
Kg7  1-0

[Event "?"]
[Site "?"]
[Date "2017.09.10"]
[Round "3.91"]
[White "Baumast, Bernd"]
[Black "Meinke, Dietlind"]
[Result "0-1"]
[BlackElo "1906"]
[BlackTeam "MTV Leck"]
[EventDate "2017.??.??"]
[PlyCount "83"]
[WhiteElo "1583"]
[WhiteTeam "SV Bad Oldesloe"]

1. b4 c6 2. Bb2 Qb6 3. a3 a5 4. c3 d5 5. e3 Nf6 6. d4 Bf5 7. Bd3 Bxd3 8. Qxd3 e6
9. Nf3 Nbd7 10. Nbd2 Bd6 11. O-O O-O 12. c4 Qa6 13. Qc2 b5 14. c5 Bc7 15. Ne5
Qb7 16. f4 g6 17. h3 axb4 18. axb4 Rxa1 19. Rxa1 Ra8 20. Rxa8+ Qxa8 21. Nxd7
Nxd7 22. Qb1 Kf8 23. Qa1 Qxa1+ 24. Bxa1 Nf6 25. Kf2 h5 26. Kf3 Ke7 27. Bc3 Bd8
28. Ne4 dxe4+ 29. Kf2 Nd5 30. Bd2 Kf6 31. g3 Kf5 32. Kg2 g5 33. Kf2 gxf4 34.
gxf4 Bh4+ 35. Ke2 Bg3 36. Kf1 f6 37. Kg2 h4 38. Kf1 e5 39. fxe5 fxe5 40. Be1
Bxe1 41. Kxe1 exd4 42. exd4  0-1